Aerodrome design manual. (Record no. 548237)
[ view plain ]
| 000 -LEADER | |
|---|---|
| fixed length control field | 00357nam a2200121 a 4500 |
| 082 00 - DEWEY DECIMAL CLASSIFICATION NUMBER | |
| Classification number | 629.13634 |
| Author Mark | AER |
| 245 00 - TITLE STATEMENT | |
| Title | Aerodrome design manual. |
| Statement of responsibility, etc. | I.c.a.o |
| 250 ## - EDITION STATEMENT | |
| Edition statement | 2nd ed. |
| 260 ## - PUBLICATION, DISTRIBUTION, ETC. | |
| Place of publication, distribution, etc. | Montreal : |
| Name of publisher, distributor, etc. | International Civil Aviation Organization, |
| Date of publication, distribution, etc. | c1983. |
| 300 ## - PHYSICAL DESCRIPTION | |
| Extent | x. 348p. : |
| Other physical details | ill. ; |
| Dimensions | 32 cm. |
| 526 ## - STUDY PROGRAM INFORMATION NOTE | |
| Program name | 0 |
| Interest level | 0 |
| Reading level | 0 |
| Title point value | 629_136340000000000_AER |
| 942 ## - ADDED ENTRY ELEMENTS (KOHA) | |
| Source of classification or shelving scheme | |
| Koha item type | Book |
| Withdrawn status | Lost status | Source of classification or shelving scheme | Damaged status | Not for loan | Permanent Location | Current Location | Date acquired | Total Checkouts | Full call number | Barcode | Date last seen | Price effective from | Koha item type |
|---|---|---|---|---|---|---|---|---|---|---|---|---|---|
| Military College of Engineering (MCE) | Military College of Engineering (MCE) | 08/25/2014 | 629.13634 AER | MCE-41438 | 08/25/2014 | 08/25/2014 | Book |
